|
|
|
|
| LEADER |
00000nab a2200000 a 4500 |
| 001 |
vtls010516786 |
| 003 |
SK-MaSNL |
| 005 |
20260305034139.0 |
| 008 |
130605c20130528xo dr| 0 0slo |
| 038 |
|
|
|a RVGKPD
|
| 040 |
|
|
|a RVGKPD
|b slo
|c RVGKPD
|e AACR2
|
| 041 |
|
|
|a slo
|
| 044 |
|
|
|a xo
|c SK
|
| 080 |
|
|
|a 711.438
|x (=214.58)
|2 1997
|
| 080 |
|
|
|a 323.15
|2 1997
|
| 080 |
|
|
|a 332.2
|2 1997
|
| 080 |
|
|
|a 728.71
|2 1997
|
| 100 |
1 |
|
|a Šoltísová, Eva
|4 aut
|9 896041
|
| 245 |
1 |
0 |
|a Rodine hrozí, že príde o dom pod hradom
|b v osade vládla napätá atmosféra
|c Eva Šoltísová
|
| 300 |
|
|
|b Fotogr.
|
| 650 |
0 |
7 |
|a rómske osady
|2 rvgkpd
|9 70154
|
| 650 |
0 |
7 |
|a nelegálne stavby
|2 rvgkpd
|9 763944
|
| 651 |
|
7 |
|a Krásnohorské Podhradie (Slovensko)
|2 rvgkpd
|9 26876
|
| 651 |
|
7 |
|a Rožňava (Slovensko : okres)
|2 rvgkpd
|9 19215
|
| 773 |
0 |
|
|t Korzár : denník Košického kraja
|g Roč. XVI, č. 122 (28.5.2013), s. 6
|x 1338-659X
|
| 852 |
|
|
|a RVGKPD
|b KIS3G
|
| 856 |
4 |
1 |
|u http://korzar.sme.sk/
|
| 958 |
|
|
|a RQ
|
| 992 |
|
|
|a RBX
|
| 999 |
|
|
|c 3328056
|d 3329986
|